Pseudonimy krajowe - Statystyki

Ogólne statystyki
  • Ten quiz został rozwiązany 36 razy
    11 od ostatniego zresetowania
  • Średni wynik to 12 z 23
Statystyki odpowiedzi
Pseudonim Odpowiedź % Poprawnych
Niderlandy Holandia
100%
Kraj Wschodzącego Słońca Japonia
100%
Łza Indii Sri Lanka
100%
But Włochy
100%
Środkowe Państwo Chiny
80%
Dar Nilu Egipt
80%
Ziemia Święta Izrael
80%
Kraj Inków Peru
80%
Spichlerz Europy Ukraina
80%
Kraj Węgrów Węgry
80%
Wielka Biała Północ Kanada
60%
Helvetia Szwajcaria
60%
Cmentarz imperiów Afganistan
40%
Kraj Wolności Stany Zjednoczone
40%
'Nam Wietnam
40%
Sześciokąt Francja
20%
Szmaragdowa Wyspa Irlandia
20%
Kraj Długiej Białej Chmury Nowa Zelandia
20%
Kraj Uśmiechów Tajlandia
20%
Oz Australia
0%
Szmaragd Równika Indonezja
0%
Królestwo Pustelników Korea Północna
0%
Tęczowy Naród Republika Południowej Afryki
0%
Nie znaleziono quizów pasujących do podanych kryteriów
Rozkład punktacji
Procent ludzi z każdym wynikiem
Percentyl według liczby udzielonych odpowiedzi
Twoja historia wyników
Nie rozwiązałeś tego quizu od ostatniego zresetowania